<?xml version="1.0" encoding="UTF-8"?>
<record
    xmlns:xsi="http://www.w3.org/2001/XMLSchema-instance"
    xsi:schemaLocation="http://www.loc.gov/MARC21/slim http://www.loc.gov/standards/marcxml/schema/MARC21slim.xsd"
    xmlns="http://www.loc.gov/MARC21/slim">

  <leader>04323cam a22004574i 4500</leader>
  <controlfield tag="003">PE-LiUPU</controlfield>
  <controlfield tag="005">20250731165417.0</controlfield>
  <controlfield tag="008">151204s2013    pe a   grm    000 0 spa d</controlfield>
  <datafield tag="035" ind1=" " ind2=" ">
    <subfield code="a">(Sirsi) a155420</subfield>
  </datafield>
  <datafield tag="040" ind1=" " ind2=" ">
    <subfield code="a">PE-LiUPU</subfield>
    <subfield code="b">spa</subfield>
    <subfield code="c">PE-LiUPU</subfield>
    <subfield code="e">rda</subfield>
  </datafield>
  <datafield tag="066" ind1=" " ind2=" ">
    <subfield code="c">$1</subfield>
  </datafield>
  <datafield tag="099" ind1=" " ind2=" ">
    <subfield code="a">TF 3</subfield>
    <subfield code="b">A89 2013</subfield>
  </datafield>
  <datafield tag="100" ind1="1" ind2=" ">
    <subfield code="a">Avalos Ramos, Martha Lucila,</subfield>
    <subfield code="e">autor</subfield>
  </datafield>
  <datafield tag="245" ind1="1" ind2=" ">
    <subfield code="a">S&#xED;ndrome de Burnout y las relaciones intrafamiliares de los abogados en los centros de emergencia mujer en el Per&#xFA;, 2012 /</subfield>
    <subfield code="c">Martha Lucila Avalos Ramos.</subfield>
  </datafield>
  <datafield tag="264" ind1=" " ind2="0">
    <subfield code="c">2013</subfield>
  </datafield>
  <datafield tag="300" ind1=" " ind2=" ">
    <subfield code="a">210 hojas : </subfield>
    <subfield code="b">ilustraciones;</subfield>
    <subfield code="c">30 cm</subfield>
  </datafield>
  <datafield tag="336" ind1=" " ind2=" ">
    <subfield code="a">text</subfield>
    <subfield code="2">rdacontent</subfield>
  </datafield>
  <datafield tag="337" ind1=" " ind2=" ">
    <subfield code="a">unmediated</subfield>
    <subfield code="2">rdamedia</subfield>
  </datafield>
  <datafield tag="338" ind1=" " ind2=" ">
    <subfield code="a">volume</subfield>
    <subfield code="2">rdacarrier</subfield>
  </datafield>
  <datafield tag="502" ind1=" " ind2=" ">
    <subfield code="a">Tesis</subfield>
    <subfield code="b">(Mg.) -- </subfield>
    <subfield code="c">Universidad Peruana Uni&#xF3;n,</subfield>
    <subfield code="d">2012.</subfield>
  </datafield>
  <datafield tag="504" ind1=" " ind2=" ">
    <subfield code="a">Incluye referencias</subfield>
  </datafield>
  <datafield tag="520" ind1="3" ind2=" ">
    <subfield code="a">La presente investigaci&#xF3;n es de dise&#xF1;o transeccional de tipo descriptivo correlacional. El objetivo principal de este estudio es determinar la relaci&#xF3;n existente entre el S&#xED;ndrome de Burnout y las relaciones intrafamiliares de los abogados en los centros de Emergencia Mujer en el Per&#xFA;, 2012, para lo cual se trabaj&#xF3; con 95 abogados de los Centros de Emergencia Mujer en el Per&#xFA;. La recolecci&#xF3;n de datos se realiza mediante un cuestionario, el Maslach Burnout Inventory (MBI), que fue desarrollado y validado por Cristina Maslach y Janey Jackson en su versi&#xF3;n definitiva que apareci&#xF3; en 1986. Versi&#xF3;n traducida y validada de la originalidad adaptada al espa&#xF1;ol por Nicol&#xE1;s Seisdedos en 1997 (Capa, 2004). Esta escala, eval&#xFA;a y describe la presencia del s&#xED;ndrome de burnout en tres dimensiones: Cansancio Emocional (CE), Despersonalizaci&#xF3;n (DP) y Realizaci&#xF3;n Personal (RP). Adem&#xE1;s se utiliza el cuestionario Escala de Evaluaci&#xF3;n de las Relaciones Intrafamiliares (E.R.I&#xF04A; Versi&#xF3;n larga de Rivera-Heredia y Andrade Palos (M&#xE9;xico 1999), de Patricia Andrade Palos, Rivera Heredia y Andrade Palos, que proporciona informaci&#xF3;n sobre c&#xF3;mo es la interacci&#xF3;n familiar respecto a la expresi&#xF3;n de emociones, la uni&#xF3;n y apoyo, y la percepci&#xF3;n de dificultades o conflictos. Este cuestionario permite identificar diferentes elementos de las relaciones familiares que pudieran relacionarse con el bienestar psicol&#xF3;gico de sus integrantes, o por el contrario que fueran factor de riesgo ante diferentes conductas problem&#xE1;ticas. La validaci&#xF3;n de estos instrumentos se realiza teniendo en cuenta el juicio de expertos y a trav&#xE9;s de reducci&#xF3;n de dimensiones mediante el programa SPSS 19. Mientras que la confiabilidad del instrumento se determina a trav&#xE9;s del Alfa de Cronbach. Los datos se analizan usando como estad&#xED;stico de prueba el coeficiente de correlaci&#xF3;n de Pearson (r de Pearson). Los resultados revelan que no existe una relaci&#xF3;n inversa y significativa entre el s&#xED;ndrome de Burnout y las relaciones intrafamiliares (r=0.074 y p =0.475 &gt;0.05). En cuanto a la relaci&#xF3;n entre el s&#xED;ndrome de Burnout y la dimensi&#xF3;n uni&#xF3;n-apoyo intrafamiliar, no se halla una relaci&#xF3;n inversa y significativa entre el s&#xED;ndrome de burnout el nivel de expresi&#xF3;n intrafamiliar de abogados en los Centros de Emergencia Mujer (r=0.089 y p =0.392 &gt;0.05). No se encuentra una relaci&#xF3;n significativa entre el s&#xED;ndrome de Burnout y el nivel de dificultad intrafamiliar (r=0.189 y p =0.066 &gt;0.05). Los resultados se explican por qu&#xE9; se halla, en la muestra de abogados, un bajo nivel de Burnout (62.1%), y un nivel medio (37.9) y nadie registraba niveles altos. Asimismo se encuentra niveles altos de Relaciones Intrafamiliares (94.7% y s&#xF3;lo 5.3% de los abogados registran niveles medio altos. Esto quiere decir que el nivel de s&#xED;ndrome de burnout afecta el niel de las relaciones intrafamiliares en los abogados, aunque no de manera significativa.</subfield>
  </datafield>
  <datafield tag="526" ind1=" " ind2=" ">
    <subfield code="a">SEG44</subfield>
  </datafield>
  <datafield tag="526" ind1=" " ind2=" ">
    <subfield code="a">SEG26</subfield>
  </datafield>
  <datafield tag="526" ind1=" " ind2=" ">
    <subfield code="a">P151</subfield>
  </datafield>
  <datafield tag="526" ind1=" " ind2=" ">
    <subfield code="a">P150</subfield>
  </datafield>
  <datafield tag="526" ind1=" " ind2=" ">
    <subfield code="a">P149</subfield>
  </datafield>
  <datafield tag="526" ind1=" " ind2=" ">
    <subfield code="a">P146</subfield>
  </datafield>
  <datafield tag="526" ind1=" " ind2=" ">
    <subfield code="a">P145</subfield>
  </datafield>
  <datafield tag="526" ind1=" " ind2=" ">
    <subfield code="a">P126</subfield>
  </datafield>
  <datafield tag="526" ind1=" " ind2=" ">
    <subfield code="a">P125</subfield>
  </datafield>
  <datafield tag="526" ind1=" " ind2=" ">
    <subfield code="a">P92</subfield>
  </datafield>
  <datafield tag="526" ind1=" " ind2=" ">
    <subfield code="a">P75</subfield>
  </datafield>
  <datafield tag="526" ind1=" " ind2=" ">
    <subfield code="a">P74</subfield>
  </datafield>
  <datafield tag="526" ind1=" " ind2=" ">
    <subfield code="a">P27</subfield>
  </datafield>
  <datafield tag="526" ind1=" " ind2=" ">
    <subfield code="a">P15</subfield>
  </datafield>
  <datafield tag="650" ind1="0" ind2="4">
    <subfield code="a">Abogados</subfield>
    <subfield code="x">Sindrome de Burnot</subfield>
    <subfield code="x">Familia</subfield>
  </datafield>
  <datafield tag="596" ind1=" " ind2=" ">
    <subfield code="a">1</subfield>
  </datafield>
  <datafield tag="942" ind1=" " ind2=" ">
    <subfield code="2">ddc</subfield>
    <subfield code="c">TESIS</subfield>
  </datafield>
  <datafield tag="999" ind1=" " ind2=" ">
    <subfield code="a">TF 3 A89 2013</subfield>
    <subfield code="w">ALPHANUM</subfield>
    <subfield code="c">8101</subfield>
    <subfield code="i">T01378</subfield>
    <subfield code="l">CCODEBUL3</subfield>
    <subfield code="m">BUL</subfield>
    <subfield code="r">1</subfield>
    <subfield code="s">Y</subfield>
    <subfield code="t">TESIS</subfield>
    <subfield code="u">2015-12-4</subfield>
    <subfield code="x">POSGRADO</subfield>
    <subfield code="P">P54</subfield>
    <subfield code="o">.STAFF. Tesis</subfield>
    <subfield code="d">8101</subfield>
  </datafield>
  <datafield tag="980" ind1=" " ind2=" ">
    <subfield code="8">1</subfield>
    <subfield code="g">ALBERTO SANCHEZ Responsable de Automatizaci&#xF3;n</subfield>
  </datafield>
  <datafield tag="952" ind1=" " ind2=" ">
    <subfield code="r">2022-07-06 00:00:00</subfield>
    <subfield code="l">0</subfield>
    <subfield code="o">TF 3 A89 2013</subfield>
    <subfield code="p">T01378</subfield>
    <subfield code="t">e1</subfield>
    <subfield code="w">2015-12-04</subfield>
    <subfield code="x">PG</subfield>
    <subfield code="y">TESIS</subfield>
    <subfield code="z">Este &#xCD;tem NO se presta por ser Ejemplar #1.</subfield>
    <subfield code="1">0</subfield>
    <subfield code="2">ddc</subfield>
    <subfield code="7">1</subfield>
    <subfield code="8">TESIS</subfield>
    <subfield code="f">P54</subfield>
    <subfield code="a">BUL</subfield>
    <subfield code="b">BUL</subfield>
    <subfield code="c">TESIS</subfield>
    <subfield code="d">2015-12-04</subfield>
  </datafield>
</record>
